000 02025cam a22006134i 4500
003 PE-LiUPU
005 20250731170445.0
008 150706s2004 mx a rb 000 0 spa d
020 _a8497541219
020 _a9788497541213
035 _a(Sirsi) i9788497541213
040 _aPE-LiUPU
_bspa
_cPE-LiUPU
_dPE-LiUPU
_erda
049 _aPRUA
082 0 4 _a158.122
_bH56
_221
100 1 _aHinz, Michael,
_eautor.
245 1 0 _aAprende a equilibrar tu vida :
_bhazte con el control, encuentra tiempo, alcanza tus objetivos /
_cMichael Hinz, Jessica Hinz.
264 1 _aMéxico :
_bONTRO,
_c2004.
300 _a160 páginas :
_bilustraciones ;
_c24 centímetros
336 _atext
_2rdacontent
337 _aunmediated
_2rdamedia
338 _avolume
_2rdacarrier
504 _aIncluye bibliografía.
505 0 _aEquilibrio -- La carrera profesional -- El dinero -- Las relaciones -- El hogar -- La salud -- Sólo usted.
526 _aSEG68
526 _aSEG70
526 _aSEG69
526 _aSEG67
526 _aSEG43
526 _aP144
526 _aP143
526 _aP131
526 _aP122
526 _aP120
526 _aP117
526 _aP112
526 _aP110
526 _aP106
526 _aP101
526 _aP80
526 _aP59
526 _aP54
526 _aP35
526 _aP33
526 _aP30
541 _g045-0002132;
650 1 4 _aAutorrealización (psicología).
700 1 _aHinz, Jéssica,
_eautor.
910 _agl20090807
942 _2ddc
_cBOOK
949 _a158.122 H56
_wDEWEY
_c1
_i59899
_d2016-6-26
_e2016-6-22
_lCCODEBUL1
_mBUL
_n2
_p20.00
_r0
_sY
_tBOOK
_u2015-7-6
_xFCE
_zAGB
_0COMPRA
_o.STAFF. Colección Ciencias de la Salud
994 _aC0
_bPEPRU
596 _a1
999 _a158.122 H56
_wDEWEY
_c49429
_i59899
_d49429
_e2016-6-22
_f2021-11-3
_g6
_lCCODEBUL1
_mBUL
_n2
_p20.00
_r0
_sY
_tBOOK
_u2015-7-6
_xSALUD
_zUNKNOWN
_0COMPRA
_o.STAFF. Colección Ciencias de la Salud
980 _81
_gALBERTO SANCHEZ Responsable de Automatización